Poistná ochrana spoločnosti Lugastav, s. r. o. bakalárska práca

Enregistré dans:
Détails bibliographiques
Auteur principal: Szalona, Peter
Collectivité auteur: Podnikovohospodárska fakulta EU so sídlom v Košiciach. Katedra ekonómie
Autres auteurs: Kafková, Eva
Format: Livre
Langue:slovaque
Publié: Košice 2011
Tags: Ajouter un tag
Pas de tags, Soyez le premier à ajouter un tag!

MARC

LEADER 00000nbm a2200000 4500
001 0139530
005 20240827092836.7
041 0 |a slo 
044 |a SK 
245 1 0 |a Poistná ochrana spoločnosti Lugastav, s. r. o.  |b bakalárska práca  |c Peter Szalona ; školiteľ: Eva Kafková 
264 1 |a Košice  |c 2011 
300 |a 53 s. 
100 1 |a Szalona, Peter 
700 1 |a Kafková, Eva 
710 2 |a Podnikovohospodárska fakulta EU so sídlom v Košiciach. Katedra ekonómie